=LDR 00000nam 2200000 4500 =001 INLIS000000000044082 =005 20131008104608 =008 ***********************************Ind** =035 ##$$0010-101300000002004 =041 ##$$a Ind =082 ##$$a 500 =090 ##$$a 500, Ham m =100 ##$$a Hamid, Ibnu =245 ##$$a Mari mengenal gerak dan air, Ibnu Hamid =260 ##$$a 2006 $b Bandung =300 ##$$a iv, 28 hlm, ilus, 30 cm =650 ##$$a Sains =850 ##$$a NBPNMAT